000 01204cam a22003974i 4500
003 PE-LiUPU
005 20250731173132.0
008 150623s cl a rb 000 0 spa d
035 _a(Sirsi) a26429
040 _aPE-LiUPU
_bspa
_cPE-LiUPU
_erda
082 0 4 _a220.1
_bV473p
_221
100 _aVera, Daniel,
_eautor.
_95946
245 1 0 _aPanorama bíblico :
_bintroducción general a la biblia /
_cDaniel Vera.
264 1 _aChillán, Chile :
_bDaniel Vera,
_c[19.].
300 _a112 páginas :
_bilustraciones, tablas ;
_c27 centímetros
336 _atext
_2rdacontent
337 _aunmediated
_2rdamedia
338 _avolume
_2rdacarrier
504 _aIncluye bibliografía.
505 0 _aGeneralidades sobre las Sagradas Escrituras -- Origen de las Sagradas Escrituras -- Formación del Canon Bíblico.
526 _aSEG42
526 _aSEG41
526 _aSEG40
526 _aSEG39
526 _aP94
526 _aP87
526 _aP86
526 _aP85
526 _aP77
526 _aP76
526 _aP35
630 1 4 _aBiblia.
_xIntroducciones
_92045
942 _2ddc
_cBK
980 _81
_gALBERTO SANCHEZ Responsable de Automatización
999 _c33459
_d33459